| 000 | 00807cam a22002651 4500 | ||
|---|---|---|---|
| 001 | 27381 | ||
| 003 | BD-RjUL | ||
| 005 | 20211209051140.0 | ||
| 008 | 140325s1952 nyu b 001 0 eng | ||
| 035 | _a(BD-RjUL)27454 | ||
| 035 | _a(OCoLC)2531465 | ||
| 040 |
_aDLC _cO _dNN _dDLC _beng |
||
| 041 | _aeng | ||
| 082 |
_a916.3 _bTAC 1952 |
||
| 100 | 1 |
_aTalbot, David Abner. _984122 |
|
| 245 | 1 | 0 |
_aContemporary Ethiopia / _cDavid Abner Talbot |
| 260 |
_aNew York : _bPhilosophical Library, _c1952 |
||
| 300 |
_ax, 267 p. ; _c23 cm. |
||
| 504 | _aIncludes bibliographical references (p. 261-262) and index. | ||
| 651 | 0 |
_aEthiopia. _984123 |
|
| 710 | 2 |
_aThomas Leiper Kane Collection (Library of Congress. Hebraic Section) _5DLC _968593 |
|
| 942 |
_2ddc _cBK |
||
| 999 |
_c27381 _d27381 |
||